01283nas a2200193 454500001000500000005001700005008003700022003001500059040004000074080015300114245001300267022001400280264011600294310050800410100002800918650003200946650001300978856009800991706020260407193504.0260407s1978####ag###########|||spa#dAR-UNSa-BCEJYS aAR-UNSa-BCEJYSbspacAR-UNSa-BCEJYS a338xSituación económica. Política económica. Gestión de la economía. Planificación de la economía. Producción. Servicios. Precios10aEstudios a0325-6928 1aBuenos Aires :bInstituto de Estudios Económicos sobre la Realidad Argentina y Latinoamericana (IEERAL)c1978 aFrecuencia: Mensual Cambia de Dir. a partir del Nº 18 por A. Humberto Petrei Cambia de Dir. a partir del Nº 21 por Domingo F. Cavallo Cambia de Dir. a partir del Nº 23 por Carlos A. Givogri Cambia de Dir. a partir del Nº 24 por Domingo F. Cavallo Cambia de Dir. a partir del Nº 43 por Carlos E. Sánchez Cambia de Dir. a partir del Nº 58 por Carlos A. Givogri Cambia de Dir. a partir del Nº 60 por Horacio Palmieri y Juan Carlos Kusznir Cambia de Dir. a partir del Nº 71 por Guillermo Mondino 1 aCavallo, Domingo Felipe aInvestigación económica aECONOMIA41uhttps://biblioeco.unsa.edu.ar/pmb/images/revistas/Estudios.jpgyImagen de portadaqimage/jpeg